| 000 | 00613nam a22001937a 4500 | ||
|---|---|---|---|
| 999 |
_c16903 _d16903 |
||
| 008 | 180704b xxu||||| |||| 00| 0 eng d | ||
| 020 | _a0521717649 | ||
| 040 |
_aKABU _cKABU |
||
| 050 |
_aQA76.28 _b.S27 c. 1 |
||
| 100 | _aSargent, Brian | ||
| 245 |
_aAS level and A level applied ICT _cBrian Sargent and Graham Brown |
||
| 250 | _aNew ed. | ||
| 260 |
_aCambridge _bCUP _c2008 |
||
| 300 | _axi, 380 p. | ||
| 650 |
_aComputer science _vExaminations, questions, etc. |
||
| 650 |
_aInformation technology _vExaminations, _vStudy guides |
||
| 700 | _aBrown, Graham | ||
| 942 |
_2lcc _cBK _eNew ed. _hQA76.28 |
||